[Event "WchT Blitz Pool B"]
[Site "London"]
[Date "2025.06.14"]
[Round "9.2"]
[White "Dishman, Stephen"]
[Black "Vitiugov, Nikita"]
[Result "0-1"]
[WhiteElo "2274"]
[BlackElo "2671"]
[PlyCount "64"]
[EventDate "2025.06.14"]
[EventType "team-tourn"]
[EventRounds "13"]
[EventCountry "ENG"]
[SourceTitle "CB25_2025"]
[SourceDate "2025.06.18"]
[SourceVersion "1"]
[SourceVersionDate "2025.06.18"]
[SourceQuality "1"]
[WhiteTeam "Sassy Seniors"]
[BlackTeam "Malcolm's Mates"]
[WhiteTeamCountry "ENG"]
[BlackTeamCountry "ENG"]

1. d4 Nf6 2. Nf3 e6 3. Bf4 d5 4. e3 c5 5. Nbd2 Nc6 6. c3 Nh5 7. Bg5 f6 8. Bh4 g6 9. a3 a5 10. Bb5 Bd7 11. 0-0 cxd4 12. cxd4 Qb6 13. Qa4 g5 14. Bg3 Nxg3 15. hxg3 g4 16. Ne1 Bd6 17. Rc1 h5 18. Nd3 Ke7 19. Rfe1 h4 20. gxh4 Rxh4 21. g3 Rh6 22. Nc5 Rah8 23. Nf1 Bxc5 24. Rxc5 Be8 25. Qc2 Bg6 26. Bd3 Bxd3 27. Qxd3 Ne5 28. Qe2 Nf3+ 29. Kg2 Rh2+ 30. Nxh2 Rxh2+ 31. Kf1 Rh1+ 32. Kg2 Rxe1 0-1

[Event "WchT Blitz Pool B"]
[Site "London"]
[Date "2025.06.14"]
[Round "8.2"]
[White "Vitiugov, Nikita"]
[Black "Sevian, Samuel"]
[Result "1-0"]
[WhiteElo "2671"]
[BlackElo "2687"]
[PlyCount "117"]
[EventDate "2025.06.14"]
[EventType "team-tourn"]
[EventRounds "13"]
[EventCountry "ENG"]
[SourceTitle "CB25_2025"]
[SourceDate "2025.06.18"]
[SourceVersion "1"]
[SourceVersionDate "2025.06.18"]
[SourceQuality "1"]
[WhiteTeam "Malcolm's Mates"]
[BlackTeam "Freedom"]
[WhiteTeamCountry "ENG"]
[BlackTeamCountry "IND"]

1. e4 e6 2. d4 d5 3. e5 c5 4. c3 Nc6 5. Nf3 Bd7 6. Be2 f6 7. 0-0 fxe5 8. Nxe5 Nxe5 9. dxe5 Qc7 10. Re1 0-0-0 11. Bf1 Ne7 12. a4 Nf5 13. Na3 c4 14. b4 cxb3 15. Qxb3 Bc5 16. Nb5 Bxb5 17. Qxb5 Rhf8 18. Ra2 Kb8 19. Ba3 Bxa3 20. Rxa3 d4 21. Qb4 a5 22. Qb2 d3 23. Rd1 Qxe5 24. Rb3 Rf7 25. Rxd3 Rxd3 26. Bxd3 Qe1+ 27. Bf1 Ne3 28. Qe2 Qxf1+ 29. Qxf1 Nxf1 30. Kxf1 Rf4 31. Ra3 Kc7 32. Ke2 Kc6 33. Ke3 e5 34. g3 Rc4 35. Kd3 Kc5 36. Rb3 e4+ 37. Ke3 Kc6 38. Ra3 b6 39. h4 h5 40. Kf4 Kd5 41. Kg5 Rc6 42. Kxh5 Kc4 43. Kg5 Rf6 44. Ra2 Kb3 45. Re2 Kxa4 46. Rxe4+ Kb3 47. Re7 Rxf2 48. Rxg7 a4 49. Rb7 Kxc3 50. Rxb6 a3 51. Ra6 Kb4 52. h5 a2 53. h6 Rh2 54. g4 Kb5 55. Ra8 Kb4 56. Kg6 Kb3 57. h7 Rh1 58. g5 Kb2 59. Kg7 1-0

[Event "WchT Rapid"]
[Site "London"]
[Date "2025.06.11"]
[Round "2.3"]
[White "Shabalov, Alexander"]
[Black "Vitiugov, Nikita"]
[Result "1/2-1/2"]
[WhiteElo "2526"]
[BlackElo "2590"]
[PlyCount "101"]
[EventDate "2025.06.11"]
[EventType "team-swiss"]
[EventRounds "12"]
[EventCountry "ENG"]
[SourceTitle "CB25_2025"]
[SourceDate "2025.06.18"]
[SourceVersion "1"]
[SourceVersionDate "2025.06.18"]
[SourceQuality "1"]
[WhiteTeam "Global Ramblers"]
[BlackTeam "Malcolm's Mates"]
[WhiteTeamCountry "UKR"]
[BlackTeamCountry "ENG"]

1. e4 e6 2. d4 d5 3. e5 c5 4. c3 Qa5 5. Nf3 cxd4 6. Nxd4 Nc6 7. Nxc6 bxc6 8. Bd3 Ba6 9. 0-0 Bxd3 10. Qxd3 Ne7 11. Nd2 Ng6 12. Nf3 Be7 13. g3 Qb5 14. Qc2 0-0 15. h4 Rfb8 16. h5 Nf8 17. h6 g6 18. b3 Nd7 19. Re1 c5 20. Bg5 Bf8 21. c4 Qb7 22. cxd5 Qxd5 23. Re3 Nb6 24. Rd1 Qc6 25. Nd2 Nd5 26. Ree1 a5 27. a4 Qb7 28. Rb1 Ra6 29. Nc4 Nb4 30. Qe2 Nc6 31. Qf3 Nd4 32. Qxb7 Rxb7 33. Re3 Ra8 34. Kg2 Nf5 35. Rc3 Bxh6 36. Bxh6 Nxh6 37. Nd6 Rb6 38. Rxc5 Nf5 39. Nc4 Rba6 40. Rd1 R6a7 41. Rb5 h5 42. Nb6 Rb8 43. Nd7 Rc8 44. Rc5 Rxc5 45. Nxc5 Rc7 46. Rd8+ Kg7 47. Ne4 Rb7 48. Nc5 Rc7 49. Ne4 Rb7 50. Nc5 Rc7 51. Ne4 1/2-1/2

[Event "AUT-chT Rapid"]
[Site "Pasching"]
[Date "2025.06.01"]
[Round "1.10"]
[White "Batyte, Daiva"]
[Black "Vitiugov, Nikita"]
[Result "0-1"]
[WhiteElo "2079"]
[BlackElo "2671"]
[PlyCount "46"]
[EventDate "2025.06.01"]
[EventType "team-swiss (rapid)"]
[EventRounds "9"]
[EventCountry "AUT"]
[SourceTitle "CB23_2025"]
[SourceDate "2025.06.04"]
[SourceVersion "1"]
[SourceVersionDate "2025.06.04"]
[SourceQuality "1"]
[WhiteTeam "Poechlarn"]
[BlackTeam "Linz ASV II"]
[WhiteTeamCountry "AUT"]
[BlackTeamCountry "AUT"]

1. c4 e5 2. Nc3 Bb4 3. g3 Bxc3 4. bxc3 d6 5. Bg2 Ne7 6. e3 0-0 7. Ne2 c6 8. 0-0 Be6 9. d3 Nd7 10. f4 f5 11. Rb1 Qc7 12. fxe5 dxe5 13. Ba3 Nf6 14. h3 Rad8 15. Qc2 b6 16. Rbd1 c5 17. Bc1 Ng6 18. Kh2 h5 19. h4 Nh8 20. Ng1 Ng4+ 21. Kh1 e4 22. dxe4 Qxg3 23. Bh3 Rxd1 0-1

[Event "AUT-chT Rapid"]
[Site "Pasching"]
[Date "2025.06.01"]
[Round "6.2"]
[White "Vitiugov, Nikita"]
[Black "Meier, Georg"]
[Result "1/2-1/2"]
[WhiteElo "2671"]
[BlackElo "2596"]
[PlyCount "25"]
[EventDate "2025.06.01"]
[EventType "team-swiss (rapid)"]
[EventRounds "9"]
[EventCountry "AUT"]
[SourceTitle "CB23_2025"]
[SourceDate "2025.06.04"]
[SourceVersion "1"]
[SourceVersionDate "2025.06.04"]
[SourceQuality "1"]
[WhiteTeam "Linz ASV II"]
[BlackTeam "JEEG"]
[WhiteTeamCountry "AUT"]
[BlackTeamCountry "ESP"]

1. e4 e6 2. d4 d5 3. exd5 exd5 4. Nf3 Nf6 5. Bd3 Bd6 6. Qe2+ Be7 7. 0-0 0-0 8. h3 Re8 9. Bg5 h6 10. Bh4 Nc6 11. c3 Ne4 12. Bxe7 Rxe7 13. Qc2 1/2-1/2

[Event "AUT-chT Rapid"]
[Site "Pasching"]
[Date "2025.06.01"]
[Round "9.10"]
[White "Vitiugov, Nikita"]
[Black "Nasuta, Grzegorz"]
[Result "1-0"]
[WhiteElo "2671"]
[BlackElo "2498"]
[PlyCount "81"]
[EventDate "2025.06.01"]
[EventType "team-swiss (rapid)"]
[EventRounds "9"]
[EventCountry "AUT"]
[SourceTitle "CB23_2025"]
[SourceDate "2025.06.04"]
[SourceVersion "1"]
[SourceVersionDate "2025.06.04"]
[SourceQuality "1"]
[WhiteTeam "Linz ASV II"]
[BlackTeam "Elite Team"]
[WhiteTeamCountry "AUT"]
[BlackTeamCountry "POL"]

1. e4 e5 2. Nf3 Nc6 3. Bb5 a6 4. Ba4 Nf6 5. d3 b5 6. Bb3 Bc5 7. c3 d6 8. Bg5 h6 9. Bh4 Bb6 10. a4 Rb8 11. axb5 axb5 12. Na3 g5 13. Bg3 Bg4 14. Nxb5 Kf8 15. Ba4 Ne7 16. Na3 Ng6 17. Nc4 Kg7 18. h3 Bh5 19. b4 Qc8 20. Bb3 g4 21. hxg4 Bxg4 22. Qd2 Bxf3 23. gxf3 h5 24. Bh4 Nxh4 25. Rxh4 Rh6 26. Ne3 Bxe3 27. Qxe3 c5 28. Ra7 Rb7 29. Rxb7 Qxb7 30. Qd2 Rg6 31. Kf1 Qb6 32. f4 cxb4 33. cxb4 Qd4 34. f5 Rg4 35. Rxg4+ Nxg4 36. f3 Nh6 37. Qg5+ Kh7 38. f6 Qxd3+ 39. Kf2 Qd4+ 40. Kg2 Qb2+ 41. Kh3 1-0

[Event "AUT-chT Blitz"]
[Site "Pasching"]
[Date "2025.05.31"]
[Round "6.2"]
[White "Vitiugov, Nikita"]
[Black "Meier, Georg"]
[Result "1/2-1/2"]
[WhiteElo "2671"]
[BlackElo "2596"]
[PlyCount "46"]
[EventDate "2025.05.31"]
[EventType "team-swiss (blitz)"]
[EventRounds "13"]
[EventCountry "AUT"]
[SourceTitle "CB23_2025"]
[SourceDate "2025.06.04"]
[SourceVersion "1"]
[SourceVersionDate "2025.06.04"]
[SourceQuality "1"]
[WhiteTeam "Linz ASV II"]
[BlackTeam "JEEG"]
[WhiteTeamCountry "AUT"]
[BlackTeamCountry "ESP"]

1. e4 e6 2. d4 d5 3. e5 c5 4. c3 Ne7 5. Nf3 Nec6 6. Be2 b6 7. h4 Ba6 8. Bxa6 Nxa6 9. h5 h6 10. Be3 Qc8 11. Nbd2 Nc7 12. 0-0 Qa6 13. Qc2 Be7 14. a3 0-0 15. Nh2 Rfc8 16. Ndf3 Na5 17. Ng4 cxd4 18. cxd4 Qc4 19. Qd1 Qb3 20. Qe2 Qc4 21. Qd1 Qb3 22. Qe2 Qc4 23. Qd1 Qb3 1/2-1/2

[Event "AUT-chT Blitz"]
[Site "Pasching"]
[Date "2025.05.31"]
[Round "3.6"]
[White "Vitiugov, Nikita"]
[Black "Podolskyi, Mykhailo"]
[Result "1-0"]
[WhiteElo "2671"]
[BlackElo "2259"]
[PlyCount "97"]
[EventDate "2025.05.31"]
[EventType "team-swiss (blitz)"]
[EventRounds "13"]
[EventCountry "AUT"]
[SourceTitle "CB23_2025"]
[SourceDate "2025.06.04"]
[SourceVersion "1"]
[SourceVersionDate "2025.06.04"]
[SourceQuality "1"]
[WhiteTeam "Linz ASV II"]
[BlackTeam "GOGIEFF"]
[WhiteTeamCountry "AUT"]
[BlackTeamCountry "UKR"]

1. e4 c5 2. c3 d5 3. exd5 Qxd5 4. Nf3 Nf6 5. d4 e6 6. Na3 a6 7. Nc4 Nbd7 8. a4 Qc6 9. Be2 Be7 10. 0-0 0-0 11. a5 Qc7 12. Qb3 Nd5 13. Rd1 cxd4 14. Nxd4 Rd8 15. Bf3 Nc5 16. Qc2 Bf6 17. h3 Nd7 18. Qe2 Rb8 19. Nxe6 fxe6 20. Qxe6+ Kh8 21. Qxd5 Ne5 22. Qxd8+ Bxd8 23. Nxe5 Bf6 24. Bf4 Qe7 25. Ng6+ hxg6 26. Bxb8 Be6 27. Re1 Qf7 28. Rad1 Bf5 29. Be5 Bxe5 30. Rxe5 Qb3 31. Rd2 Qa2 32. Kh2 Qf7 33. Rc5 Qe7 34. Rcd5 Qc7+ 35. g3 Qe7 36. R2d4 Kg8 37. g4 Be6 38. Rd8+ Kh7 39. Kg2 Qf6 40. Rb8 Qe5 41. Rdd8 g5 42. Rxb7 Qxa5 43. Rd6 Qe5 44. Rbb6 Bc4 45. Rd4 Bb5 46. Be4+ g6 47. Rb7+ Kh6 48. Rb6 Kh7 49. Bxg6+ 1-0

[Event "PlusCity Grand Prix Rapid"]
[Site "Pasching"]
[Date "2025.05.30"]
[Round "1"]
[White "Hofstadler, Mario"]
[Black "Vitiugov, Nikita"]
[Result "0-1"]
[WhiteElo "2172"]
[BlackElo "2671"]
[PlyCount "96"]
[EventDate "2025.05.30"]
[EventType "swiss (rapid)"]
[EventRounds "9"]
[EventCountry "AUT"]
[SourceTitle "CB23_2025"]
[SourceDate "2025.06.04"]
[SourceVersion "1"]
[SourceVersionDate "2025.06.04"]
[SourceQuality "1"]

1. d4 Nf6 2. c4 e6 3. Nf3 b6 4. g3 Bb7 5. Bg2 Bb4+ 6. Bd2 a5 7. 0-0 0-0 8. Bf4 Be7 9. d5 exd5 10. Nh4 Nh5 11. Nf5 Nxf4 12. gxf4 Bf6 13. Qc2 Na6 14. Nc3 c6 15. Nd6 Nb4 16. Qd2 Ba6 17. a3 Qc7 18. Nf5 Bxc4 19. axb4 axb4 20. Rxa8 Rxa8 21. Nd1 b3 22. Nc3 b5 23. Rc1 Qa5 24. Nd4 g6 25. e3 Qb4 26. Qe1 Qd6 27. Ra1 Rxa1 28. Qxa1 Bxd4 29. exd4 Qxf4 30. Qd1 Qf5 31. Bf3 Kf8 32. Kg2 Qc2 33. Qb1 Qd2 34. h3 Qxd4 35. Qc1 Kg7 36. Qe1 Qf6 37. Qe8 Qe6 38. Qb8 Bd3 39. Qf4 Qf6 40. Qb4 Qg5+ 41. Qg4 Qe5 42. Qxd7 d4 43. Nd1 c5 44. Qd5 Qxd5 45. Bxd5 c4 46. Bc6 b4 47. Bb5 c3 48. Nxc3 bxc3 0-1

[Event "PlusCity Grand Prix Rapid"]
[Site "Pasching"]
[Date "2025.05.30"]
[Round "2"]
[White "Vitiugov, Nikita"]
[Black "Manhardt, Thomas"]
[Result "1-0"]
[WhiteElo "2671"]
[BlackElo "2113"]
[PlyCount "54"]
[EventDate "2025.05.30"]
[EventType "swiss (rapid)"]
[EventRounds "9"]
[EventCountry "AUT"]
[SourceTitle "CB23_2025"]
[SourceDate "2025.06.04"]
[SourceVersion "1"]
[SourceVersionDate "2025.06.04"]
[SourceQuality "1"]

1. e4 c5 2. c3 d5 3. exd5 Qxd5 4. Nf3 Nc6 5. d4 cxd4 6. cxd4 e5 7. Nc3 Bb4 8. Be2 exd4 9. 0-0 Bxc3 10. bxc3 Nge7 11. Nxd4 0-0 12. Nxc6 Qxc6 13. Ba3 Re8 14. Bf3 Qc7 15. Bd6 Qd7 16. Re1 Nc6 17. Qd5 Rd8 18. Rad1 Qf5 19. Qb3 h6 20. h3 Qg6 21. Bg3 Rxd1 22. Rxd1 a5 23. Re1 Kh7 24. Bd5 a4 25. Qb6 Ra6 26. Qc7 Be6 27. Be4 Bf5 1-0

[Event "PlusCity Grand Prix Blitz"]
[Site "Pasching"]
[Date "2025.05.29"]
[Round "13"]
[White "Nasuta, Grzegorz"]
[Black "Vitiugov, Nikita"]
[Result "1-0"]
[WhiteElo "2498"]
[BlackElo "2671"]
[PlyCount "53"]
[EventDate "2025.05.29"]
[EventType "swiss (blitz)"]
[EventRounds "13"]
[EventCountry "AUT"]
[SourceTitle "CB23_2025"]
[SourceDate "2025.06.04"]
[SourceVersion "1"]
[SourceVersionDate "2025.06.04"]
[SourceQuality "1"]

1. e4 e6 2. d4 d5 3. e5 c5 4. c3 Nc6 5. Nf3 Bd7 6. Be2 Nge7 7. 0-0 Ng6 8. Be3 Qb6 9. Nbd2 Be7 10. Rb1 a5 11. g3 cxd4 12. cxd4 f6 13. exf6 Bxf6 14. Nb3 0-0 15. Nc5 Rad8 16. Bd3 Nce7 17. h4 Nf5 18. Bxf5 exf5 19. h5 Ne7 20. Bf4 Be8 21. Ng5 Bf7 22. Re1 Nc6 23. Nge6 Bxe6 24. Nxe6 Bxd4 25. Qf3 Rfe8 26. Bc7 Ne5 27. Rxe5 1-0

[Event "PlusCity Grand Prix Blitz"]
[Site "Pasching"]
[Date "2025.05.29"]
[Round "10"]
[White "Peyrer, Konstantin"]
[Black "Vitiugov, Nikita"]
[Result "0-1"]
[WhiteElo "2480"]
[BlackElo "2671"]
[PlyCount "52"]
[EventDate "2025.05.29"]
[EventType "swiss (blitz)"]
[EventRounds "13"]
[EventCountry "AUT"]
[SourceTitle "CB23_2025"]
[SourceDate "2025.06.04"]
[SourceVersion "1"]
[SourceVersionDate "2025.06.04"]
[SourceQuality "1"]

1. d4 Nf6 2. c4 e6 3. Nc3 Bb4 4. e3 b6 5. Bd3 Bb7 6. Nf3 0-0 7. 0-0 c5 8. Na4 cxd4 9. exd4 Re8 10. a3 Bf8 11. b4 Nc6 12. Bb2 Ne7 13. Nc3 Ng6 14. Re1 Rc8 15. Bf1 Qc7 16. Rc1 Qf4 17. Ne2 Qb8 18. Ng3 d6 19. d5 e5 20. a4 a5 21. bxa5 bxa5 22. Rb1 Qc7 23. Bc3 Ra8 24. Rb5 Ba6 25. Bxa5 Qc8 26. Rb4 Qc5 0-1

[Event "PlusCity Grand Prix Blitz"]
[Site "Pasching"]
[Date "2025.05.29"]
[Round "4"]
[White "Pyrig, Roman"]
[Black "Vitiugov, Nikita"]
[Result "1/2-1/2"]
[WhiteElo "2429"]
[BlackElo "2671"]
[PlyCount "160"]
[EventDate "2025.05.29"]
[EventType "swiss (blitz)"]
[EventRounds "13"]
[EventCountry "AUT"]
[SourceTitle "CB23_2025"]
[SourceDate "2025.06.04"]
[SourceVersion "1"]
[SourceVersionDate "2025.06.04"]
[SourceQuality "1"]

1. Nc3 d5 2. e4 d4 3. Nce2 e5 4. Ng3 g6 5. Bc4 h5 6. h3 Nc6 7. Nf3 Bg7 8. a4 Qe7 9. c3 Be6 10. Bb5 Bd7 11. d3 Nf6 12. 0-0 0-0 13. Ne2 dxc3 14. bxc3 Rfe8 15. Ba3 Qd8 16. Qc2 Na5 17. Bxd7 Qxd7 18. Rfd1 b6 19. Rab1 Qc6 20. c4 Nd7 21. Nc3 Qe6 22. Nd5 Rac8 23. Ng5 Qc6 24. Ne7+ Rxe7 25. Bxe7 Nc5 26. Bxc5 Qxc5 27. Nf3 Re8 28. Qc3 a6 29. Qb4 Qxb4 30. Rxb4 Bf8 31. Rbb1 Kg7 32. Kf1 Kf6 33. Ne1 Nc6 34. Nc2 Bc5 35. Ne3 Ke6 36. Nd5 Kd6 37. f4 exf4 38. Nxf4 Nd4 39. Rdc1 Rd8 40. Ne2 Ke5 41. Nxd4 Kxd4 42. Ke2 Re8 43. Kd2 f6 44. Rf1 Re6 45. Rf3 Bd6 46. Kc2 Be5 47. a5 Kc5 48. axb6 cxb6 49. Rb3 Rd6 50. Rf1 b5 51. cxb5 axb5 52. Rfb1 Rb6 53. Ra3 b4 54. Ra5+ Kd4 55. Rd5+ Ke3 56. Kb3 Bc3 57. Rc1 Ra6 58. Rc2 h4 59. Kc4 Rc6+ 60. Kb3 Ra6 61. Rd8 Ra3+ 62. Kc4 Ra7 63. d4 Bxd4 64. Kxb4 Be5 65. Kb3 Rb7+ 66. Ka4 Kxe4 67. Re2+ Kf5 68. Rd3 g5 69. Rb3 Rc7 70. Rf3+ Bf4 71. Kb3 Rc8 72. Rc2 Rb8+ 73. Kc4 Rc8+ 74. Kd3 Rd8+ 75. Ke2 Re8+ 76. Kf1 Ra8 77. Kf2 Kg6 78. Rd3 Be5 79. Kf3 Kf5 80. Re2 Ra4 1/2-1/2